Jesús y los manuscritos del mar muerto

Bewaard in:
Bibliografische gegevens
Hoofdauteur: Vidal Manzanares, César (Auteur)
Formaat: Boek
Taal:Spaans
Gepubliceerd in: Barcelona Planeta 2006
Editie:1a. ed
Onderwerpen:
Tags: Voeg label toe
Geen labels, Wees de eerste die dit record labelt!

MARC

LEADER 00000cam a2200000 a 4500
001 UCC1148
003 CL-VaPUC
008 170929e20060000sp |||||||||||||||||spa|d
020 |a 8408065289 
082 0 4 |a 296.155  |b VID  |2 21 
100 0 |a Vidal Manzanares, César  |e author  |9 595191 
245 1 0 |a Jesús y los manuscritos del mar muerto 
250 |a 1a. ed 
300 |a 216 p 
942 |c BK 
945 |d 20170929 13:43:00  |a arojas 
260 |a Barcelona  |b Planeta  |c 2006 
650 0 |a Manuscritos del Mar Muerto  |9 315866 
650 0 |a Cristianismo  |9 257361 
650 0 |a Comunidad qumrán  |9 313681 
583 |a last modification  |c 20170929 13:43:00  |k Rodrigo Vera 
999 |c 369722  |d 369720 
952 |0 0  |1 0  |3 erb  |4 0  |6 296_155000000000000_VID_2006  |7 0  |8 A  |9 485706  |a BIBGIM  |b BIBGIM  |i 5426812  |l 1  |o 296.155 VID 2006  |p 5426812  |r 2025-01-15  |s 2022-03-22  |w 2019-11-24  |y BK  |z Catalogado en:20170929  |k GIM